| 000 | 01444nam a22003135a 4500 | ||
|---|---|---|---|
| 999 |
_c25921 _d25893 |
||
| 003 | EG-ScBUE | ||
| 005 | 20210916124707.0 | ||
| 008 | 180109s2014 ua a f b 000 0 ara d | ||
| 017 | _a2011 / 10518 | ||
| 020 | _z978977268b594 | ||
| 040 |
_aEG-ScBUE _bara _erda _cEG-ScBUE _dEG-ScBUE |
||
| 082 | 0 | 4 |
_a638.1076 _bح ج ا _222 |
| 100 | 1 |
_aحجازي، أحمد جعفر، _eمؤلف. |
|
| 245 | 1 | 0 |
_aمائة سؤال وجواب في النحل / _cبقلم أ. د. أحمد جعفر حجازي، أستاذ المناعة بالمركز القومي للبحوث. |
| 264 | 1 |
_a[القاهرة] : _bوزارة البحث العلمي، أكاديمية البحث العلمي والتكنولوجيا، _c2014. |
|
| 300 |
_a393 صفحة : _bإيضاحيات ؛ _c24 سم. |
||
| 336 |
_2rdacontent _aنص _btxt |
||
| 337 |
_2rdamedia _aبدون وسيط _bn |
||
| 338 |
_2rdacarrier _aمجلد _bnc |
||
| 490 | 0 |
_aسلسلة مائة سؤال وجواب ؛ _v6 |
|
| 504 | _aيشتمل على إرجاعات ببليوجرافية. | ||
| 541 |
_cDonation ; _aScientific Research and Technology. |
||
| 650 | 7 |
_aالنحل _xتربية _xابتكارات تقنية _vاختبارات، أسئلة، إلخ. _2BUEsh _921920 |
|
| 650 | 7 |
_aالنحل _xإنتاج _xابتكارات تقنية _vاختبارات، أسئلة، إلخ. _2BUEsh _921920 |
|
| 651 | _2BUEsh | ||
| 653 |
_bGGEN _cJanuary2018 |
||
| 655 |
_vReading book _934232 |
||
| 942 | _2ddc | ||